| 000 | 02584nam a2200361Ia 4500 | ||
|---|---|---|---|
| 005 | 20140731200105.0 | ||
| 008 | 130821s1995 xxu g q mlmul d | ||
| 040 |
_aCO-BoUCM _bspa _cOscar Anaya (modificó) _d[Nuevo] |
||
| 041 | _aeng | ||
| 041 | _afre | ||
| 092 | _aDVD 0055 | ||
| 245 | 0 | 4 |
_aThe Bridges of Madison County _cClint Eastwood, director _h[DVD] |
| 246 | 1 | 3 | _aLos puentes de Madison |
| 260 |
_aBurbank (California, Estados Unidos) _bWarner Bros. Pictures _c1995 |
||
| 300 |
_a1 DVD, 135 minutos _bimagen, sonido, color |
||
| 500 | _aSINOPSIS: En el otoño de 1965, Robert Kincaid, fotógrafo del National Geographic, se traslada a Madison, Iowa, para realizar un reportaje sobre sus famosos puentes. Al llegar al lugar, conoce a Francesca, una granjera cuyo marido e hijos se encuentran de viaje. Aunque no tienen nada en común, se enamoran. Clint Eastwood es el director, protagonista y productor de este título, todo un éxito tanto de crítica como de público en los años 90. Otro punto a destacar es que Eastwood, que ha sido el prototipo del hombre duro en el cine, consigue reflejar la perspectiva femenina en este melodrama romántico | ||
| 508 | _aCRÉDITOS: Dirigida y producida por Clint Eastwood ; guion por Richard LaGravenese ; música por Lennie Niehaus ; fotografía por Jack N. Green ; diseño de producción por Jeannine Oppewall ; dirección de arte por William Arnold ; ambientación por Jay Hart ; vestuario por Colleen Kelsall ; maquillaje por Mike Hancock | ||
| 511 | 0 | _aREPARTO: Clint Eastwood, Meryl Streep, Annie Corley, Victor Slezak, Jim Haynie, Phyllis Lyons, Debra Monk, Richard Lage, Michelle Benes, Sarah Kathryn Schmitt | |
| 520 | _aBasada en la novela "Los puentes de Madison Country " de Robert James Waller | ||
| 546 | _aAudio en inglés y francés. Subtítulos en inglés, francés y español | ||
| 650 | 0 | 4 |
_aAmor en el cine _vDVD _957043 |
| 650 | 0 | 4 |
_aEntretenimiento _926487 |
| 650 | 0 | 4 |
_aLiteratura estadounidense _918653 |
| 650 | 0 | 4 |
_aLiteratura estadounidense _vDVD _918653 |
| 650 | 0 | 4 |
_aPelículas cinematográficas _vDVD _97903 |
| 650 | 0 | 4 |
_aPelículas cinematográficas _vDVD _vVersiones cinematográficas _963431 |
| 700 | 1 |
_aEastwood, Clint _edirector _960839 |
|
| 710 | 2 |
_aWarner Bros. Pictures _941920 |
|
| 710 | 2 |
_aAmblin/Malpaso _963498 |
|
| 765 | 0 | _aThe Bridges of Madison County | |
| 856 | 4 | 0 |
_uhttp://www.youtube.com/watch?v=Up-oN4NtvbM _zSiga este enlace para ver el trailer _zTrailer tomado del canal MOVIECLIPS Classic Trailers vía YouTube.com |
| 942 |
_cMULTIMEDIA _2LOCAL _a11 _e1 _hDVD 0055 |
||
| 999 |
_c47203 _d47203 |
||